| 000 | 00448nam a2200169Ia 4500 | ||
|---|---|---|---|
| 005 | 20250326144109.0 | ||
| 008 | 250326s9999 xx 000 0 und d | ||
| 037 | _aTextbook | ||
| 040 |
_aFMSL _beng _cFMSL |
||
| 041 |
_aeng _2eng |
||
| 084 |
_aX.44r P7 _qFMSL |
||
| 245 | 0 | _aIndia infrastructure report 2007 | |
| 260 |
_aNew Delhi _bNew Delhi, Oxford _c2007 |
||
| 365 | _b495 | ||
| 942 |
_cTB _hX.44r P7 |
||
| 999 |
_c1302343 _d1302343 |
||